| 000 | 00000cam 2200000zi 4500 |
| 001 | 9.958194 |
| 003 | CaOODSP |
| 005 | 20251212104355 |
| 006 | m o d f |
| 007 | cr cn||||||||| |
| 008 | 251211e202312##onca ob f000 0 eng d |
| 040 | |aCaOODSP|beng|erda|cCaOODSP |
| 043 | |an-cn---|af------ |
| 086 | 1 |aYC23-0/451-1E-PDF |
| 110 | 1 |aCanada. |bParliament. |bSenate. |bStanding Committee on Foreign Affairs and International Trade, |eauthor, |eissuing body. |
| 245 | 10|aCanada-Africa : |bseizing a strategic opportunity : report of the Standing Senate Committee on Foreign Affairs and International Trade / |cthe Honourable Peter M. Boehm, chair ; the Honourable Peter Harder, P.C., deputy chair. |
| 246 | 13|aCanada-Africa : |bseizing a strategic opportunity |
| 264 | 1|aOttawa, Ontario, Canada : |bSenate, Canada = Sénat, Canada, |cDecember 2025. |
| 300 | |a1 online resource (61 pages) : |bcolour illustrations. |
| 336 | |atext|btxt|2rdacontent |
| 337 | |acomputer|bc|2rdamedia |
| 338 | |aonline resource|bcr|2rdacarrier |
| 490 | 1 |aReport of the Standing Senate Committee on Foreign Affairs and International Trade ; |v[1st report, 45th Parliament, 1st Session] |
| 500 | |aIssued also in French under title: Canada-Afrique : saisir une opportunité stratégique : rapport du Comité sénatorial permanent des affaires étrangères et du commerce international. |
| 500 | |aTitle from cover. |
| 504 | |aIncludes bibliographical references. |
| 520 | |a"This report examines Canada's engagement in Africa through the lens of fostering mutually beneficial partnerships with African stakeholders. It begins with an overview of current and emerging opportunities and challenges in Africa, followed by a summary of the guiding principles that should inform Canada's engagement on the continent. Specifically, the report looks at ways that Canada can strengthen its relations with African countries at the regional and multilateral levels, including through the African Union, the Regional Economic Communities of Africa and the Group of 20. It also outlines strategic priorities for Canada in Africa, including in the areas of peace and security, governance and development, and trade, investment and connectivity. This report offers 21 recommendations to the Canadian government for strengthening Canada's engagement in Africa. The committee's recommendations touch on many areas, including enhancing political dialogue with the African Union Commission, assisting with the implementation of the African Continental Free Trade Area, and harnessing support for African-led peace operations and other African priorities, such as Agenda 2063. The report also recommends that the Government of Canada advance trade and investment relations between Canada and African countries by investing in Export Development Canada, the Trade Commissioner Service and other bodies and tools designed to "derisk" and deepen Canadian commercial engagement on the continent. …"--Executive summary, page 7. |
| 651 | 0|aCanada|xForeign relations|zAfrica. |
| 651 | 0|aAfrica|xForeign relations|zCanada. |
| 651 | 0|aCanada|xForeign economic relations|zAfrica. |
| 651 | 0|aAfrica|xForeign economic relations|zCanada. |
| 700 | 1 |aBoehm, Peter M. |
| 700 | 1 |aHarder, Vernon Peter, |d1952- |
| 775 | 08|tCanada-Afrique : |w(CaOODSP)9.958199 |
| 830 | #0|aReport of the Standing Senate Committee on Foreign Affairs and International Trade ;|v1st report, 45th Parliament, 1st Session.|w(CaOODSP)9.505254 |
| 856 | 40|qPDF|s1.51 MB|uhttps://publications.gc.ca/collections/collection_2025/sen/yc23-0/YC23-0-451-1-eng.pdf |